000 00758nam a22002770a 4500
001 UByD000749
003 AR-LpoUNG
005 20220715073414.0
008 220712suuuu||||ag |||||||||||||||||spa d
020 _a9879936183
040 _aAR-LpoUNG
_bspa
_cAR-LpoUNG
_eaacr
041 _aspa
044 _aag
082 0 _aA862 979bes
100 1 _aPuig, Manuel
245 1 3 _aEl beso de la mujer araña (adaptación escénica)
260 _aBuenos Aires :
_bAntártica,
_cs.f.
300 _a80 p. :
505 0 _aAdaptación escénica de la novela homónima de Manuel Puig, realizada por el autor.
650 4 _aARGENTINA
650 4 _aLITERATURA
650 4 _aTEATRO
653 _aLITERATURA ARGENTINA
905 _a29503
942 _cLIB
_2ddc
999 _c63434
_d63434